000 01413nam0a22003131 4500
001 RU\NLR\KADK\52325
005 20251203171251.9
035 _a(NLR Aleph) 009862052
090 _a10389310
_c10389310
100 _a19991020d1753 u y0rusy50 ca
101 0 _alat
102 _aRU
_aDE
200 1 _aTheoria motus Lunae exhibens omnes eius inaequalitates
_eIn additamento hoc idem argumentum aliter tractatur simulque ostenditur quemadmodum motus Lunae cum omnibus inaequalitatibus innumeris aliis modis repraesentari atque ad calculum revocarti possit
_fAuctore L. Eulero
210 _a[Petropoli (St.- Peterburg)]
_cImpensis Academiae Imperialis scientiarum Petropolitanae
_d1753
215 _aVIII, 347 с., [1] л. черт.
_d4°(27 см)
300 _aВ конце кн. вых. дан.: Berolini [Berlin]: Ex Officina Michaelis
317 _aЭкз. с наклейкой Фундам. б-ки 1-го Кадет. корп. и штампом Лен. Воен. б-ки
_5Рэ ШК / E-88 Q
620 _dSt.- Peterburg
620 _dBerlin
700 1 _6z01790
_aEuler
_bL.
_f1707-1783
_gLeonhard
_4070
702 1 _aMichaelis
_4650
712 0 2 _aAcademia scientiarum
_cPetropolis
_4650
790 1 _6z01700
_aEulerus
_gLeonhardus
_4070
801 0 _aRU
_bNLR
_c19991020
852 _aNLR
_bБ-ка 1-го Кадет. Корп.
_jРэ ШК / E-88 Q
942 _cBOOK
980 _aNB
980 _aKADK